| 000 | 00400 a2200121 4500 | ||
|---|---|---|---|
| 001 | ART_12498 | ||
| 005 | 20260410161907.0 | ||
| 008 | 260409a | ||
| 245 | 1 | 0 | _aMultiple model testing for non-tested heteroskedastic censored regression models |
| 100 | 1 | _aMaddala, G.S. | |
| 700 | 1 | _aSmith, Marlene A. | |
| 773 | 0 |
_tJournal of econometrics _g- Vol. 21, NÂș 1 (ene. 1983) _wREV11720 |
|
| 999 |
_c26427 _d26427 |
||